| 000 | 01935cam a2200349 a 4500 | ||
|---|---|---|---|
| 001 | 15991740 | ||
| 003 | OSt | ||
| 005 | 20240514164452.0 | ||
| 008 | 091120s2010 ne ab b 000 0 eng c | ||
| 010 | _a 2009941981 | ||
| 015 |
_aGBA9A9656 _2bnb |
||
| 016 | 7 |
_a015416075 _2Uk |
|
| 016 | 7 |
_a22779679 _2bccb |
|
| 020 | _a9789048131822 (pbk. : alk. paper) | ||
| 035 | _a(OCoLC)ocn465370643 | ||
| 040 |
_aUKM _beng _cDDC _dNLGGC _dCDX _dIAL _dYDXCP _dUUS _dMUU _dPZU _dCOH _dLMR _dBPJ _dOCLCQ _dOBE _dUKMGB _dTUU _dBDX _dDLC |
||
| 042 | _apcc | ||
| 050 | 0 | 0 |
_aQH366.2 _b.E5355 2010 |
| 082 | _a576.8 ELL 2010 | ||
| 100 | 1 |
_aEllis, R. John. _914542 |
|
| 245 | 1 | 0 |
_aHow Science Works : _bevolution : a student primer |
| 260 |
_aNew York; _bSpringer, _cc2010. |
||
| 300 |
_axxiii, 100 p. : _bill. (chiefly col.), col. map ; _c24 cm. |
||
| 504 | _aIncludes bibliographical references. | ||
| 505 | 0 | _aThe aims of this book -- Two ways of explaining the world -- How science works -- Darwin's theory of evolution -- The evidence for evolution -- The evolution of eyes -- Concluding remarks. | |
| 520 | _a"Evolution is just a theory, isn't it? What is a scientific theory anyway? Don't scientists prove things? What is the difference between a fact, a hypothesis and a theory in science? How does scientific thinking differ from religious thinking? Why are most leading scientists atheists? Are science and religion compatible? Why are there so many different religious beliefs but only one science? What is the evidence for evolution? Why does evolution occur? If you are interested in any of these questions and have some knowledge of biology, this book is for you."--P. [4] of cover. | ||
| 650 | 0 |
_aBiology _95602 |
|
| 650 | 0 |
_aEvolution _98680 |
|
| 906 |
_a7 _bcbc _cpccadap _d2 _eepcn _f20 _gy-gencatlg |
||
| 942 |
_2ddc _cO_SHELF |
||
| 999 |
_c7063 _d7063 |
||